| 000 | 00563nam a2200217Ia 4500 | ||
|---|---|---|---|
| 003 | OSt | ||
| 005 | 20220926035845.0 | ||
| 006 | a|||||r|||| 00| 0 | ||
| 007 | ta | ||
| 008 | 220923b |||||||| |||| 00| 0 eng d | ||
| 037 | _cGeneral Book | ||
| 040 |
_aRTL _cRTL _beng |
||
| 041 |
_2eng _aeng |
||
| 082 | _aX.262.N58t4, K0 | ||
| 100 |
_aHashim Ali _9342859 |
||
| 245 | 0 | _aThan and now, 1933-1958 | |
| 260 | _c1960 | ||
| 490 | _aIndian Statistical Series.10 | ||
| 942 |
_hX.262.N58t4, K0 _cGB _2CC |
||
| 999 |
_c663239 _d663239 |
||